| 000 | 00502nam a22001577a 4500 | ||
|---|---|---|---|
| 005 | 20251108164243.0 | ||
| 008 | 250721s1989 xx 000 0 ara d | ||
| 082 | 1 | 4 | _a920/سيد |
| 100 | 1 | _aأبو دومة، سيد | |
| 245 | 1 | 0 | _aرشدي فكار المفكر الإسلامي العالمي و نهاية عمالقة في حضارة الغرب / |
| 264 | 1 |
_aالقاهرة : _bمكتبة وهبة، _c1989. |
|
| 300 | _a150 ص | ||
| 650 | 1 | 7 | _aالتراجم |
| 942 |
_2ddc _cBK |
||
| 999 |
_c7544 _d7544 |
||